| 000 | 00405nam a2200181Ia 4500 | ||
|---|---|---|---|
| 008 | 210210b1944 xxu||||| |||| 00| 0 eng d | ||
| 041 | _aeng | ||
| 082 | _a828/424 | ||
| 100 | _aMcNICOL (H) | ||
| 245 | _aSix men of business | ||
| 260 |
_aLondon _bOxford University Press _c1944 |
||
| 650 | _aSix | ||
| 650 | _aof | ||
| 650 | _amen | ||
| 650 | _abusiness | ||
| 690 | _aBiography | ||
| 906 | _a016269 | ||
| 999 |
_c135732 _d135732 |
||